000 00771nam a2200241Ia 4500
003 OSt
005 20221005133718.0
006 a|||||r|||| 00| 0
007 ta
008 221004b |||||||| |||| 00| 0 pan d
024 _a27804
037 _cTextual
040 _aCRL
_cCRL
_bpan
041 _2pan
_apan
082 _aV236:1.M4, 153J1
100 _aਕਨਿੰਘਮ, ਜੌਗ਼ਫ ਡੇਵਿਡ
245 0 _aਸਿਖ ਇਤਿਹਾਸ
260 _c1951
650 _aਭਾਰਤੀਯ ਇਤਿਹਾਸ
700 _a ਗੁਰਮੁਖ ਸਿੰਘ, ੳਗ.
942 _hV236:1.M4, 153J1
_cTEXL
_2cc
999 _c1067646
_d1067646